Sports Quiz

Random Sports or World Quiz
Score 0/6 Timer 01:00
0 Plays Today
Year Team % Correct
1903Boston Red Sox
98.5%
1907Chicago Cubs
98.5%
1908Chicago Cubs
98.5%
1909Pittsburgh Pirates
93.9%
1906Chicago White Sox
90.9%
1905New York Giants
84.8%
Remove Ads.
Support Sporcle.
Get the best of Sporcle when you Go Orange. This ad-free experience offers more features, more stats, and more fun while also helping to support Sporcle. Thank you for becoming a member.

You're not logged in!

Compare scores with friends on all Sporcle quizzes.
OR
Log In

Show Comments

Extras

Created Jul 10, 2012ReportNominate
Tags:World Quiz, 1900, champion, team

Top Quizzes Today


Score Distribution

Your Account Isn't Verified!

In order to create a playlist on Sporcle, you need to verify the email address you used during registration. Go to your Sporcle Settings to finish the process.

Report this User

Report this user for behavior that violates our Community Guidelines.

Details: